[Event "Halver-ch"]
[Site "Halver"]
[Date "2005.03.04"]
[Round "5"]
[White "Schaefer, Erwin"]
[Black "Tesche, Wolfram"]
[Result "0-1"]
[WhiteElo "1553"]
[BlackElo "1859"]
[PlyCount "72"]
[EventDate "2005.01.21"]
[EventType "swiss"]
[EventRounds "9"]
[EventCountry "GER"]
[SourceTitle "EXT 2007"]
[Source "ChessBase"]
[SourceDate "2006.11.23"]
[SourceVersion "1"]
[SourceVersionDate "2006.11.23"]
[SourceQuality "1"]

1. d4 Nf6 2. e3 e6 3. a3 b6 4. Nf3 Bb7 5. Be2 c5 6. dxc5 Bxc5 7. b4 Be7 8. Bb2 0-0 9. 0-0 d5 10. Nbd2 Nbd7 11. c4 Qb8 12. Rc1 Bd6 13. g3 Rd8 14. Qc2 Rc8 15. Qb3 Ba6 16. Rfd1 e5 17. Bf1 Bb7 18. Bg2 a5 19. b5 Nc5 20. Qc3 Na4 21. Qb3 Nxb2 22. Qxb2 Rc5 23. Nb3 Rxc4 24. Rxc4 dxc4 25. Nbd2 Bd5 26. Nh4 Bxg2 27. Nxg2 Qb7 28. Rc1 Qe7 29. Nxc4 Nd7 30. Nxd6 Qxd6 31. h4 Nc5 32. Ne1 Qd5 33. Qc2 Rd8 34. Kf1 Nb3 35. e4 Qxb5+ 36. Qe2 Nd2+ 0-1

[Event "Halver-ch"]
[Site "Halver"]
[Date "2005.02.04"]
[Round "3"]
[White "Schaefer, Erwin"]
[Black "Poguntke, Rudolf"]
[Result "1-0"]
[WhiteElo "1553"]
[BlackElo "1507"]
[PlyCount "123"]
[EventDate "2005.01.21"]
[EventType "swiss"]
[EventRounds "9"]
[EventCountry "GER"]
[SourceTitle "EXT 2007"]
[Source "ChessBase"]
[SourceDate "2006.11.23"]
[SourceVersion "1"]
[SourceVersionDate "2006.11.23"]
[SourceQuality "1"]

1. d4 d5 2. e3 Bf5 3. Nf3 e6 4. a3 h6 5. c4 c6 6. b4 a5 7. b5 Bxb1 8. Rxb1 Bxa3 9. Bxa3 Nf6 10. Be2 Nbd7 11. c5 0-0 12. Qa4 Qc7 13. b6 Qd8 14. 0-0 Ne4 15. Bb2 f5 16. Ra1 g5 17. Qd1 g4 18. Nd2 h5 19. f3 Ng5 20. fxg4 hxg4 21. Qe1 Kg7 22. Qg3 Qe7 23. Qc7 Rfc8 24. Qxb7 Rab8 25. Qa6 Ra8 26. Qd3 Rh8 27. Qc3 g3 28. hxg3 Nh3+ 29. gxh3 Rxh3 30. Kg2 Rxg3+ 31. Kf2 Qh4 32. Rg1 Qh2+ 33. Ke1 Rxg1+ 34. Nf1 Qg3+ 35. Kd2 Qf2 36. Qc1 Nf6 37. Qe1 Ne4+ 38. Kd3 Qg2 39. Qh4 Ng5 40. Qf4 Nh3 41. Qc7+ Kg6 42. Qe5 Re8 43. b7 Qe4+ 44. Qxe4 fxe4+ 45. Kc3 Rb8 46. Ba6 Nf2 47. Nd2 Rxa1 48. Bxa1 Nd1+ 49. Kb3 Nxe3 50. Ka4 Nc2 51. Bc3 e3 52. Nf3 e2 53. Kxa5 Kf5 54. Kb6 Kf4 55. Ne1 Nxe1 56. Bxe1 Ke4 57. Kxc6 Kxd4 58. Bf2+ Ke4 59. Bxe2 d4 60. Kc7 Rg8 61. b8Q Rxb8 62. Kxb8 1-0